FC Bayern München Current Squad - Statistics

General Stats
  • This quiz has been taken 7,940 times
    4,423 since last reset
  • The average score is 22 of 27
Answers on the Map
Answers color-coded by a green-red scale on the quiz's map according to % correct below.
 
Answer Stats
# Position Player Nation % Correct
9 FW Harry Kane
99%
1 GK Manuel Neuer
99%
3 DF Min-jae Kim
98%
6 MF Joshua Kimmich
97%
10 FW Leroy Sané
96%
19 DF Alphonso Davies
95%
2 DF Dayot Upamecano
94%
42 MF Jamal Musiala
94%
11 FW Kingsley Coman
94%
7 FW Serge Gnabry
94%
25 FW Thomas Müller
94%
8 MF Leon Goretzka
93%
17 FW Michael Olise
92%
Head Coach Vincent Kompany
92%
15 DF Eric Dier
86%
27 MF Konrad Laimer
83%
45 MF Aleksandar Pavlović
73%
26 GK Sven Ulreich
73%
22 DF Raphaël Guerreiro
72%
23 DF Sacha Boey
72%
39 FW Mathys Tel
71%
21 DF Hiroki Itō
70%
16 MF João Palhinha
68%
44 DF Josip Stanišić
62%
18 GK Daniel Peretz
48%
20 MF Arijon Ibrahimović
35%
28 DF Tarek Buchmann
28%
No matching quizzes found
Score Distribution
Percent of People with Each Score
Percentile by Number Answered
Your Score History
You have not taken this quiz since the last reset